<?xml version="1.0" encoding="UTF-8"?>
<collection xmlns:xsi="http://www.w3.org/2001/XMLSchema-instance" xsi:schemaLocation="http://www.loc.gov/MARC21/slim http://www.loc.gov/standards/marcxml/schema/MARC21slim.xsd" xmlns="http://www.loc.gov/MARC21/slim">
 <record>
  <leader>00000caa a22000003i 4500</leader>
  <controlfield tag="001">UP-1685594773862388496</controlfield>
  <controlfield tag="003">Buklod</controlfield>
  <controlfield tag="005">20210316145801.0</controlfield>
  <controlfield tag="006">m     |  |        </controlfield>
  <controlfield tag="007">ta</controlfield>
  <controlfield tag="008">210316s2018    xx      r    |||| u|eng d</controlfield>
  <datafield tag="035" ind1=" " ind2=" ">
   <subfield code="a">(iLib)UPBAG-00039513686</subfield>
  </datafield>
  <datafield tag="040" ind1=" " ind2=" ">
   <subfield code="a">STII-DOST</subfield>
   <subfield code="d">BAG</subfield>
   <subfield code="e">rda</subfield>
  </datafield>
  <datafield tag="041" ind1="0" ind2=" ">
   <subfield code="a">eng</subfield>
  </datafield>
  <datafield tag="090" ind1=" " ind2="0">
   <subfield code="a">ARTICLE-2689</subfield>
  </datafield>
  <datafield tag="100" ind1="1" ind2=" ">
   <subfield code="a">Ramos, Dino Angelo E.</subfield>
   <subfield code="e">author.</subfield>
  </datafield>
  <datafield tag="245" ind1="1" ind2="0">
   <subfield code="a">Current status of Philippine mollusk museum collections and research, and their implications on biodiversity science and conservation</subfield>
   <subfield code="c">by Dino Angelo E. Ramos, Gizelle A. Batomalaque, and Jonathan A. Anticamara.</subfield>
  </datafield>
  <datafield tag="264" ind1=" " ind2="1">
   <subfield code="c">2018.</subfield>
  </datafield>
  <datafield tag="300" ind1=" " ind2=" ">
   <subfield code="a">pages 123-163</subfield>
   <subfield code="b">color illustrations</subfield>
   <subfield code="c">26 cm</subfield>
  </datafield>
  <datafield tag="336" ind1=" " ind2=" ">
   <subfield code="a">text</subfield>
   <subfield code="2">rdacontent</subfield>
  </datafield>
  <datafield tag="337" ind1=" " ind2=" ">
   <subfield code="a">unmediated</subfield>
   <subfield code="2">rdamedia</subfield>
  </datafield>
  <datafield tag="338" ind1=" " ind2=" ">
   <subfield code="a">volume</subfield>
   <subfield code="2">rdacarrier</subfield>
  </datafield>
  <datafield tag="504" ind1=" " ind2=" ">
   <subfield code="a">Includes bibliographical references (pages 131-132)</subfield>
  </datafield>
  <datafield tag="520" ind1=" " ind2=" ">
   <subfield code="a">Mollusks are an invaluable resource in the Philippines, but recent reviews on the status of museum collections of mollusks or research trends in the country are lacking. Such assessments can contribute to a more comprehensive evaluation of natural history museums in the Philippines, as well as biodiversity management. This review showed that local museums in the Philippines have much to improve in terms of their accessibility and geographic coverage in order to effectively cater to research and conservation needs of the country. Online access to databases was lacking for local museums, making it cumbersome to retrieve collection information. The UST museum held the most species and subspecies across all museums (4899), comparable to the national museums of countries such as the USA and France. In terms of size, there were larger Philippine mollusk collections in museums abroad. Majority of mollusk specimens come from Regions 4 and 7, while the CAR and Region 12 were least sampled. Publications on Philippine mollusks are dominated by taxonomic and biodiversity research. Around 80% of publications were on marine species. Therefore, there is a great need to (1) improve access to collections by publishing databases and collections online; (2) improve spatial coverage of mollusk sampling to have a better nationwide (and habitat) representation of Philippine mollusk diversity; (3) fill important knowledge gaps in the ecological assessment of exploited mollusks and minor taxa that will be useful in status assessment and management; and (4) build a network of functional museums to facilitate mollusk and invertebrate researches and conservation by making properly curated specimens available to more researchers nationwide.</subfield>
  </datafield>
  <datafield tag="650" ind1="0" ind2="4">
   <subfield code="a">Biology.</subfield>
  </datafield>
  <datafield tag="650" ind1="0" ind2="4">
   <subfield code="a">Molluscan research.</subfield>
  </datafield>
  <datafield tag="650" ind1="0" ind2="4">
   <subfield code="a">Museum collections.</subfield>
  </datafield>
  <datafield tag="650" ind1="0" ind2="4">
   <subfield code="a">Philippine mollusks.</subfield>
  </datafield>
  <datafield tag="650" ind1="0" ind2="4">
   <subfield code="a">General works.</subfield>
  </datafield>
  <datafield tag="700" ind1="1" ind2=" ">
   <subfield code="a">Batomalaque, Gizelle A.</subfield>
   <subfield code="e">author.</subfield>
  </datafield>
  <datafield tag="700" ind1="1" ind2=" ">
   <subfield code="a">Anticamara, Jonathan A.</subfield>
   <subfield code="e">author.</subfield>
  </datafield>
  <datafield tag="773" ind1="0" ind2=" ">
   <subfield code="a">The Philippine Journal of Science</subfield>
   <subfield code="g">Vol. 147, no. 1, March 2018.</subfield>
  </datafield>
  <datafield tag="856" ind1="4" ind2="0">
   <subfield code="a">Request full-text access via UPB University Library through</subfield>
   <subfield code="u">https://forms.gle/KZjBv7aRtY6jiL5E9</subfield>
  </datafield>
  <datafield tag="856" ind1="4" ind2="0">
   <subfield code="z">(viewed 16 March 2021)</subfield>
  </datafield>
  <datafield tag="905" ind1=" " ind2=" ">
   <subfield code="a">FI</subfield>
  </datafield>
  <datafield tag="852" ind1="0" ind2=" ">
   <subfield code="a">UPBAG</subfield>
   <subfield code="b">UPBAG-MAIN</subfield>
   <subfield code="h">ARTICLE-2689</subfield>
  </datafield>
  <datafield tag="942" ind1=" " ind2=" ">
   <subfield code="a">Analytics</subfield>
  </datafield>
 </record>
</collection>
